Responses for Show #8502 - Tuesday, November 2, 2021

Tyler Rhode game 5.

Contestants

[<< previous game]

Chuck McKeever, a community college instructor from Seattle, Washington

Abby Haddican, a graphic designer from St. Paul, Minnesota

Tyler Rhode, a healthcare data specialist from New York, New York (whose 4-day cash winnings total $78,301)

[next game >>]

Jeopardy! Round responses

AMERICA IN THE 19-AUGHTS
FAIRY TALES: A CLOSER LOOK
ORGANIZATIONS
ALSO A FACEBOOK REACTION
REALITY TV
GEOGRAPHIC IDIOMS
    $200 30
railroads

Abby
    $200 26
"The Ugly Duckling"

Tyler
    $200 25
the United Nations

Abby
    $200 29
like

Chuck
    $200 28
the Kardashians

Tyler
    $200 24
the deep blue sea

Abby
    $3,000 27
the penny

Tyler
    $400 2
"Jack and the Beanstalk"

Tyler
    $400 23
(Abby: What is Europe?)

South America

TylerAbby
    $400 21
Love

Chuck
    $400 20
Below Deck

Tyler
    $400 9
a paddle

Tyler
    $600 22
(Chuck: What is the ruling class?)

working class

TylerChuck
    $600 1
(Tyler: What is the Big Bad Wolf?)

"Little Red Riding Hood"

TylerAbby
    $600 12
the World Cup

Tyler
    $600 16
"Ha Ha"

Tyler
    $600 5
the Property Brothers

Tyler
    $600 8
the man cave

Abby
    $800 14
the FBI

Chuck
    $800 3
"The Princess and the Pea"

Chuck
    $800 11
the United Way

Triple Stumper
    $800 17
wow

Chuck
    $800 6
Carson Kressley

Chuck
    $800 7
(Mayim: Yes, it's a 3,000-mile-wide [*].)
[Laughter]

the pond

Abby
    $1000 15
Panama

Tyler
    $1000 4
"Puss in Boots"

Tyler
    $1000 18
OPEC

Tyler
    $1000 19
SAD (seasonal affective disorder)

Tyler
    $1000 13
The Real World

Chuck
    $1000 10
(Mayim: Yes, Hugging [*] is also a collection of his prose.)

the shore

Chuck

Scores at the first commercial break (after clue 15):

Tyler Abby Chuck
$3,400 $2,000 $4,400

Scores at the end of the Jeopardy! Round:

Tyler Abby Chuck
$10,800 $2,200 $5,200

Double Jeopardy! Round responses

IN THEIR 60s
THE MIDDLE EAST
COMPLETE THE TONY-WINNING PLAY TITLE
THIS CATEGORY HAS LEGS
THE "HIT" PARADE
UNPACK YOUR ADJECTIVES
    $400 1
Colonel Sanders

Tyler
    $400 18
Kurds

Tyler
    $400 11
Heidi

Triple Stumper
    $400 29
daddy long legs

Tyler
    $400 27
"Hit Me With Your Best Shot"

Chuck
    $400 26
stuffed

Abby
    $800 17
(Annie) Oakley

Tyler
    $800 19
Abu Dhabi

Tyler
    $800 12
Tattoo

Triple Stumper
    $800 20
sea legs

Chuck
    $800 23
hit and run

Tyler
    $800 25
sullen

Tyler
    $1200 3
(Francis) Crick

Chuck
    $1200 22
(Tyler: What is the Tigris?)

the Euphrates

Tyler
Triple Stumper
    $1200 13
Miracle Worker

Chuck
    $1200 10
the Seminoles

Abby
    $1200 2
"Hit me baby one more time"

Chuck
    $1200 6
elegant

Chuck
    $1600 9
the Mexican-American War

Triple Stumper
    $4,000 21
Aleppo

Chuck
    $1600 24
History

Triple Stumper
    $1600 15
Queen Anne

Abby
    $1600 5
"Hit The Road Jack"

Tyler
    $1600 14
lachrymose

Chuck
    $2000 8
the Rothschilds

Triple Stumper
    $2000 28
(Abby: What is Sanaa?)

Aden

Abby
Triple Stumper
    $2000 30
Roberts

Triple Stumper
    $2000 16
Icarus

Tyler
    $2000 4
hit the floor

Triple Stumper
    $4,100 7
(Chuck: What is... adamantine?)

serpentine

Chuck

Scores at the end of the Double Jeopardy! Round:

Tyler Abby Chuck
$17,600 $3,400 $12,700

[wagering suggestions for these scores]

Final Jeopardy! Round responses

SCIENTISTS
AbbyWho is Copernicus?
$3,400
ChuckWho is Copernicus?
$5,899
TylerWho is Kepler?
$10,000
(Johannes) Kepler

Final scores:

Tyler Abby Chuck
$27,600 $0 $6,801
5-day champion: $105,901 3rd place: $1,000 2nd place: $2,000

Game dynamics:

Coryat scores:

Tyler Abby Chuck
$15,000 $3,400 $14,400
24 R
(including 1 DD),
2 W
9 R,
2 W
16 R
(including 1 DD),
2 W
(including 1 DD)

Combined Coryat: $32,800

[game clues] [game scores] [suggest correction]

Game tape date: 2021-09-24
The J! Archive is created by fans, for fans. Scraping, republication, monetization, and malicious use prohibited; this site may use cookies and collect identifying information. See terms. The Jeopardy! game show and all elements thereof, including but not limited to copyright and trademark thereto, are the property of Jeopardy Productions, Inc. and are protected under law. This website is not affiliated with, sponsored by, or operated by Jeopardy Productions, Inc. Join the discussion at JBoard.tv.